000
00229 a2200097 4500
001
59179
100
_a
245
_a
Electric machinery and transfromers
260
_a
_b
Oxford University press
_c
090
_c
36277
_d
36277
942
_a
NUST-CAE
_c
MONOGRAPH
_c
29199
999
_c
294252
_d
294252